Biblioteca y Centro de Documentación

Seguridad Social para todas las personas (Registro nro. 52234)

Detalles MARC
000 -CABECERA
Longitud fija campo de control 02223nam a2200493 c 4500
001 - NÚMERO DE CONTROL
Número de control 52234
003 - IDENTIFICADOR DE NÚMERO DE CONTROL
Identificador del número de control ES-MaCES
005 - FECHA Y HORA DE LA ÚLTIMA TRANSACCIÓN
Fecha y hora de la última transacción 20250203133828.0
008 - CAMPO FIJO DE DESCRIPCIÓN FIJA--INFORMACIÓN GENERAL
Códigos de información de longitud fija   220421s2021 sp 100 ||spa d
017 ## - NÚMERO DE REGISTRO DE DERECHOS DE AUTOR Y DEPÓSITO LEGAL
Número de copyright o de depósito legal MU 965-2021
Agencia que asigna el número DL
020 ## - ISBN (INTERNATIONAL STANDARD BOOK NUMBER)
Número Internacional Normalizado para Libros (ISBN) 9788417789831 (o.c.)
020 ## - ISBN (INTERNATIONAL STANDARD BOOK NUMBER)
Número Internacional Normalizado para Libros (ISBN) 9788417789848 (t. I)
020 ## - ISBN (INTERNATIONAL STANDARD BOOK NUMBER)
Número Internacional Normalizado para Libros (ISBN) 9788417789855 (t. II)
040 ## - FUENTE DE CATALOGACIÓN
Centro catalogador de origen ES-MaCES
Lengua de catalogación spa
Centro transcriptor ES-MaCES
110 2# - ENCABEZAMIENTO PRINCIPAL--NOMBRE CORPORATIVO
Nombre de entidad corporativa o nombre de jurisdicción como elemento inicial Asociación Española de Salud y Seguridad Social
Unidad subordinada Congreso Nacional
Número del congreso o número de parte o sección de la obra 18ª
Fecha del congreso o de la firma de un tratado 2021
Sede del congreso Madrid
9 (RLIN) 40289
245 14 - MENCIÓN DE TÍTULO
Título Seguridad Social para todas las personas
Resto del título : la protección de la Seguridad Social a las personas en situación de vulnerabilidad económica y fomento de su inclusión social : a propósito del trígésimo aniversario de la inclusión en el sistema de Seguridad Social de prestaciones no contributivas
Mención de responsabilidad, etc. V Congreso Internacional y VXIII Congreso Nacional de la Asociación Española de Salud y Seguridad Social, [Madrid, 15 y 16 de octubre de 2021] ; [autores], M. Carmen Aguilar Martín ... [et al.]
250 ## - MENCIÓN DE EDICIÓN
Mención de edición 1ª ed
260 ## - PUBLICACIÓN, DISTRIBUCIÓN, ETC (PIE DE IMPRENTA)
Lugar de publicación, distribución, etc. Murcia
Nombre del editor, distribuidor, etc. Laborum
Fecha de publicación, distribución, etc. 2021
300 ## - DESCRIPCIÓN FÍSICA
Extensión 2 v. (792, 563)
Dimensiones 25 cm
504 ## - NOTA DE BIBLIOGRAFÍA, ETC.
Nota de bibliografía, etc. Bibliografía
541 ## - NOTA DE LA FUENTE INMEDIANTE DE ADQUISICIÓN
Forma de adquisición Compra
650 #4 - ASIENTO SECUNDARIO DE MATERIA--TÉRMINO DE MATERIA
Término de materia o nombre geográfico como elemento inicial seguridad social
9 (RLIN) 27034
650 #4 - ASIENTO SECUNDARIO DE MATERIA--TÉRMINO DE MATERIA
Término de materia o nombre geográfico como elemento inicial protección social
9 (RLIN) 29076
650 #4 - ASIENTO SECUNDARIO DE MATERIA--TÉRMINO DE MATERIA
Término de materia o nombre geográfico como elemento inicial exclusión social
9 (RLIN) 30629
650 #4 - ASIENTO SECUNDARIO DE MATERIA--TÉRMINO DE MATERIA
Término de materia o nombre geográfico como elemento inicial socialmente desfavorecidos
9 (RLIN) 29219
650 #4 - ASIENTO SECUNDARIO DE MATERIA--TÉRMINO DE MATERIA
Término de materia o nombre geográfico como elemento inicial bajos ingresos
9 (RLIN) 29048
650 #4 - ASIENTO SECUNDARIO DE MATERIA--TÉRMINO DE MATERIA
Término de materia o nombre geográfico como elemento inicial pobreza
9 (RLIN) 27112
650 #4 - ASIENTO SECUNDARIO DE MATERIA--TÉRMINO DE MATERIA
Término de materia o nombre geográfico como elemento inicial integración social
9 (RLIN) 27283
650 #4 - ASIENTO SECUNDARIO DE MATERIA--TÉRMINO DE MATERIA
Término de materia o nombre geográfico como elemento inicial régimen universal de prestaciones
9 (RLIN) 30153
650 #4 - ASIENTO SECUNDARIO DE MATERIA--TÉRMINO DE MATERIA
Término de materia o nombre geográfico como elemento inicial prestaciones no contributivas
9 (RLIN) 30900
650 #4 - ASIENTO SECUNDARIO DE MATERIA--TÉRMINO DE MATERIA
Término de materia o nombre geográfico como elemento inicial ingreso garantizado
9 (RLIN) 29342
650 #4 - ASIENTO SECUNDARIO DE MATERIA--TÉRMINO DE MATERIA
Término de materia o nombre geográfico como elemento inicial España
9 (RLIN) 26964
650 #4 - ASIENTO SECUNDARIO DE MATERIA--TÉRMINO DE MATERIA
Término de materia o nombre geográfico como elemento inicial legislación de seguridad social
9 (RLIN) 29855
650 #4 - ASIENTO SECUNDARIO DE MATERIA--TÉRMINO DE MATERIA
Término de materia o nombre geográfico como elemento inicial campo de aplicación
9 (RLIN) 30263
650 #4 - ASIENTO SECUNDARIO DE MATERIA--TÉRMINO DE MATERIA
Término de materia o nombre geográfico como elemento inicial derecho comunitario
9 (RLIN) 29866
650 #4 - ASIENTO SECUNDARIO DE MATERIA--TÉRMINO DE MATERIA
Término de materia o nombre geográfico como elemento inicial derecho comparado
9 (RLIN) 29868
650 #4 - ASIENTO SECUNDARIO DE MATERIA--TÉRMINO DE MATERIA
Término de materia o nombre geográfico como elemento inicial conferencia
9 (RLIN) 27013
653 10 - TÉRMINO DE INDEXACIÓN--NO CONTROLADO
Término no controlado Seguridad Social
700 1# - ENCABEZAMIENTO SECUNDARIO--NOMBRE PERSONAL
9 (RLIN) 5684
Nombre de persona Aguilar Martín, María Carmen
710 22 - ENCABEZAMIENTO SECUNDARIO--NOMBRE CORPORATIVO
9 (RLIN) 40290
Nombre de entidad o nombre de jurisdicción como elemento inicial Asociación Española de Salud y Seguridad Social
Unidad subordinada Congreso Internacional
Número del congreso o número de parte o sección de la obra
Fecha del congreso o de la firma de un tratado 2021
Sede del congreso Madrid
787 0# - ENTRADA DE OTRAS ESPECIFICACIONES
Título Los retos actuales de la asistencia sanitaria española en el contexto de la Unión Europea
Número de control del registro relacionado (ES-MaCES)48674
902 ## - CES. TIPO DE DOCUMENTO
Tipodoc (006$c Sirtex) LIB Libro
942 ## - ELEMENTOS KOHA
Fuente de clasificaión o esquema Clasificación propia del CES
Koha [por defecto] tipo de item Monografías
Parte de clasificación Seguridad social
Existencias
Número de registro Signatura completa Tipo de item de Koha
092639 DPT-14161 Monografías
092640 DPT-14162 Monografías
© CES, Consejo Económico y Social de España 2021